Normal view
MARC view
- الأدب العربي - تاريخ ونقد - العصر العباسي - الحيوانات في الأدب العربي البغال
Entry Topical Term
001 - CONTROL NUMBER
- control field: 8277
003 - CONTROL NUMBER IDENTIFIER
- control field: JO-AjAnu
005 - DATE AND TIME OF LATEST TRANSACTION
- control field: 20230606071633.0
008 - FIXED-LENGTH DATA ELEMENTS
- fixed length control field: 230606|| aca||aabn | a|a d
040 ## - CATALOGING SOURCE
- Original cataloging agency: JO-AjAnu
- Transcribing agency: JO-AjAnu
150 ## - HEADING--TOPICAL TERM
- Topical term or geographic name entry element: الأدب العربي - تاريخ ونقد - العصر العباسي - الحيوانات في الأدب العربي البغال
670 ## - SOURCE DATA FOUND
- Source citation: Work cat.: (JO-AjAnu)4274: حقق الكتاب وعلق عليه ووضع الفهارس بلا،شارل, author 8276, كتاب القول في البغال لأبي عثمان عمر بن بحر